|
|
|
|
| LEADER |
01040nam a2200277 a 4500 |
| 001 |
7086 |
| 003 |
BD-DhAAL |
| 005 |
20150216124042.0 |
| 008 |
150216s1999 cou b 001 0 eng |
| 010 |
|
|
|a 99011837
|
| 020 |
|
|
|a 1555876978 (hc : alk. paper)
|
| 040 |
|
|
|a DLC
|c DLC
|d DLC
|d BD-DhAAL
|
| 050 |
0 |
0 |
|a DS422.C3
|b U54 1999
|
| 082 |
0 |
0 |
|a 305.5/68
|2 21
|
| 245 |
0 |
0 |
|a Untouchable :
|b Dalits in modern India /
|c edited by S.M. Michael.
|
| 246 |
3 |
0 |
|a Dalits in modern India
|
| 260 |
|
|
|a Boulder, Colo. :
|b Lynne Rienner,
|c 1999.
|
| 300 |
|
|
|a xi, 183 p. :
|c 24 cm.
|
| 504 |
|
|
|a Includes bibliographical references and index.
|
| 541 |
|
|
|e 7086
|
| 650 |
|
0 |
|a Dalits
|x Political activity
|z India.
|9 8487
|
| 651 |
|
0 |
|a India
|x Politics and government
|y 20th century.
|9 8488
|
| 700 |
1 |
|
|a Michael, S. M.
|q (Sebastian Maria),
|d 1950-
|9 8489
|
| 942 |
|
|
|2 ddc
|c BK
|
| 999 |
|
|
|c 33714
|d 33714
|
| 952 |
|
|
|0 0
|1 0
|2 ddc
|4 0
|6 305_568000000000000_UNT
|7 0
|9 52654
|a SCL
|b SCL
|c GEN
|d 2015-02-16
|e Gift: The Asia Foundation
|l 0
|o 305.568 UNT
|p 3020007086
|r 2015-02-16
|t 1
|w 2015-02-16
|y BK
|